Digital TV over broadband : (Record no. 185312)
[ view plain ]
| 000 -LEADER | |
|---|---|
| fixed length control field | 01275 a2200229 4500 |
| 003 - CONTROL NUMBER IDENTIFIER | |
| control field | Nust |
| 005 - DATE AND TIME OF LATEST TRANSACTION | |
| control field | 20230124122800.0 |
| 010 ## - LIBRARY OF CONGRESS CONTROL NUMBER | |
| LC control number | 00048432 |
| 020 ## - INTERNATIONAL STANDARD BOOK NUMBER | |
| International Standard Book Number | 0240803574 (pbk. : alk. paper) |
| 040 ## - CATALOGING SOURCE | |
| Transcribing agency | Nust |
| 082 00 - DEWEY DECIMAL CLASSIFICATION NUMBER | |
| Classification number | 384.554,TAS |
| 100 1# - MAIN ENTRY--PERSONAL NAME | |
| Personal name | Van Tassel, Joan M. |
| 9 (RLIN) | 107528 |
| 245 10 - TITLE STATEMENT | |
| Title | Digital TV over broadband : |
| Remainder of title | harvesting bandwidth / |
| Statement of responsibility, etc. | Joan Van Tassel. |
| 260 ## - PUBLICATION, DISTRIBUTION, ETC. | |
| Place of publication, distribution, etc. | Boston : |
| Name of publisher, distributor, etc. | Focal Press, |
| Date of publication, distribution, etc. | c2001. |
| 300 ## - PHYSICAL DESCRIPTION | |
| Extent | xiv, 594 p. : |
| Other physical details | ill. ; |
| Dimensions | 24 cm. |
| 505 ## - FORMATTED CONTENTS NOTE | |
| Formatted contents note | The Digital Destiny (Page-1), From Show Biz to Show Bits (Page-25), Digit logy 101 (Page-44), High-Definition Television (Page-76), Digital Shape-Shifting (Page-121), Two-Facing TV (Page-154), From Network TV to Networked TV (Page-185), Fiber Fever (Page-210), Wired Bit pipes .1 (Page-257), Wired Bit pipes .2 (Page-296), Wireless Bit pipes (Page-322), Living Digitally (Page-375), From Reel (Movies) to Real (Networks) (Page-410), Cache Flow (Page-467), Brave New WW World (Page-505). |
| 650 #0 - SUBJECT ADDED ENTRY--TOPICAL TERM | |
| Topical term or geographic name entry element | Broadband communication systems. |
| 9 (RLIN) | 3503 |
| 650 #0 - SUBJECT ADDED ENTRY--TOPICAL TERM | |
| Topical term or geographic name entry element | Digital television. |
| 9 (RLIN) | 58180 |
| 856 42 - ELECTRONIC LOCATION AND ACCESS | |
| Materials specified | Publisher description |
| Uniform Resource Identifier | <a href="http://www.loc.gov/catdir/description/els031/00048432.html">http://www.loc.gov/catdir/description/els031/00048432.html</a> |
| 856 42 - ELECTRONIC LOCATION AND ACCESS | |
| Materials specified | Table of contents |
| Uniform Resource Identifier | <a href="http://www.loc.gov/catdir/toc/els031/00048432.html">http://www.loc.gov/catdir/toc/els031/00048432.html</a> |
| 942 ## - ADDED ENTRY ELEMENTS (KOHA) | |
| Source of classification or shelving scheme | |
| Koha item type | Book |
| Call number prefix | 384.554,TAS |
| Withdrawn status | Lost status | Source of classification or shelving scheme | Damaged status | Not for loan | Permanent Location | Current Location | Shelving location | Date acquired | Full call number | Barcode | Date last seen | Price effective from | Koha item type | Public note |
|---|---|---|---|---|---|---|---|---|---|---|---|---|---|---|
| Military College of Signals (MCS) | Military College of Signals (MCS) | General Stacks | 12/12/2016 | 384.554,TAS | MCS30818 | 12/08/2016 | 12/12/2016 | Book | Almirah No. 54, Shelf No. 4 |
